000 00709nas a2200241 4500
001 BR8902434
003 BR-BrBNA
005 20231205091540.0
007 ta
008 230509b bl.|||p| |||| 00| 00por d
040 _aBR-BrBNA
_bpor
_cBiblioteca Nacional de Agricultura
041 _a(Pt)
072 _aH20
100 1 _aPrates, H.S.
245 1 _aDeclinio de citros no Estado de Sao Paulo
246 1 _aDeclinio of citrus in the state of Sao Paulo
650 _aDECLINIO DOS CITRUS
650 _aSAO PAULO
650 _aFRUTA CITRICA
773 0 _tLaranja (Brazil)
_xISSN 0102-1907
_g(Nov 1988), v. 1(9) p. 201-207
_wBR8902434
909 _a202311
_bLúcia
_c55
_dLúcia Elande
942 _2AGRIS
_n0
_cANA
999 _c125794
_d125794